ARRUPE JESUIT UNIVERSITY

CORONAVIRUS -STOP THE SPREAD - CLEAN,DISINFECT,COVER

Onze minutos / (Record no. 130841)

MARC details
000 -LEADER
fixed length control field 00776cam a2200265 a 4500
001 - CONTROL NUMBER
control field 13684763
003 - CONTROL NUMBER IDENTIFIER
control field ARRUPE
005 - DATE AND TIME OF LATEST TRANSACTION
control field 20211014101151.0
008 - FIXED-LENGTH DATA ELEMENTS--GENERAL INFORMATION
fixed length control field 030825s2003 bl a b 000 1 por
010 ## - LIBRARY OF CONGRESS CONTROL NUMBER
LC control number 2003338580
020 ## - INTERNATIONAL STANDARD BOOK NUMBER
International Standard Book Number 8532515363
035 ## - SYSTEM CONTROL NUMBER
System control number 2003338580
040 ## - CATALOGING SOURCE
Original cataloging agency DLC
Transcribing agency DLC
Modifying agency DLC
042 ## - AUTHENTICATION CODE
Authentication code lcode
050 00 - LIBRARY OF CONGRESS CALL NUMBER
Classification number PQ9698.13.O3546
Item number O59 2003
082 00 - DEWEY DECIMAL CLASSIFICATION NUMBER
Classification number 869.3/42
Edition number 22
300 ## - PHYSICAL DESCRIPTION
Other physical details ill. ;
Dimensions 22 cm.
100 1# - MAIN ENTRY--PERSONAL NAME
Personal name Coelho, Paulo.
9 (RLIN) 14925
245 10 - TITLE STATEMENT
Title Onze minutos /
Statement of responsibility, etc Paulo Coelho.
260 ## - PUBLICATION, DISTRIBUTION, ETC. (IMPRINT)
Place of publication, distribution, etc Rio de Janeiro :
Name of publisher, distributor, etc Rocco,
Date of publication, distribution, etc 2003.
300 ## - PHYSICAL DESCRIPTION
Extent 255 p. :
504 ## - BIBLIOGRAPHY, ETC. NOTE
Bibliography, etc Includes bibliographical references by the author (p. 255).
906 ## - LOCAL DATA ELEMENT F, LDF (RLIN)
a 7
b cbc
c origode
d 3
e ncip
f 20
g y-gencatlg
942 ## - ADDED ENTRY ELEMENTS (KOHA)
Source of classification or shelving scheme Library of Congress Classification
Koha item type Monograph ( Printed materials)
Holdings
Withdrawn status Lost status Source of classification or shelving scheme Damaged status Not for loan Collection code Home library Current library Shelving location Date acquired Total Checkouts Full call number Barcode Date last seen Price effective from Koha item type
    Library of Congress Classification     Main Collection ARRUPE LIBRARY ARRUPE LIBRARY Main Collection 14/10/2021   PQ9698.13.O3546 O59 2003 46600007338 14/10/2021 14/10/2021 Monograph ( Printed materials)

 

Arrupe Library. PO Box MP320 Mt Pleasant, Harare, Zimbabwe
263 242 745411|librarian@aju.ac.zw